| 000 | 00468nam a2200181Ia 4500 | ||
|---|---|---|---|
| 001 | 9718 | ||
| 005 | 20260306161739.0 | ||
| 008 | 260306t2008||||xx |||||||||||||| ||spa|| | ||
| 041 | _aESP | ||
| 082 |
_a401.985 _bG67 V. 4 |
||
| 100 |
_aGonzález Moreyra, Raúl _eAUT |
||
| 245 | 0 |
_aFunción poética del lenguaje: _buna aproximación heurística |
|
| 260 | _c2008 | ||
| 300 |
_a133 páginas : _c22 cm. |
||
| 650 | _aGEN | ||
| 654 | _aCHU | ||
| 942 |
_cLIB _dJUS _fJUS _2ddc _n |
||
| 999 |
_c9718 _d9718 |
||